00748nam a22001937a 4500003000900000008004100009040007100050082001700121100002200138245004100160260005900201300002800260505018800288650001900476650001300495650002000508650001400528650001200542AR-CdUCM190226b ||||| |||| 00| 0 spa d aMUNICIPALIDAD PROVINCIAL DEL CUSCOcBIBLIOTECA MUNICIPAL DEL CUSCO a962.3 /bB39 a Berque, Jacques aLos árabes de ayer y de mañana / a México, D.F :bFondo de Cultura Económica,c1964. a451 páginas ;c17 cm. aRuptura del Hombre tradicional -- Invariantes y variables -- Enfoque de lo económico -- Finanza: una enfermedad del signo -- El acceso a la técnica o el renacimiento del objeto... aMedio oriente. aCultura. aAntropología. aHistoria. aArabia.